书目信息 |
| 题名: |
中华人民共和国行政区划简册
|
|
| 作者: | ;中华人民共和国公安部 编 | |
| 分册: | ||
| 出版信息: | 北京 地图出版社 1972 |
|
| 页数: | 134页 | |
| 开本: | 19cm | |
| 丛书名: | ||
| 单 册: | ||
| 中图分类: | K928.2 | |
| 科图分类: | ||
| 主题词: | 政区--中国--手册 , 行政区划简册 | |
| 电子资源: | ||
| ISBN: | ||
| 000 | 00889nam0 2200253 45 | |
| 001 | 0177000811 | |
| 005 | 20060731102139.21 | |
| 010 | @dCNY0.40 | |
| 100 | @a19951024d1972 em y0chiy0121 ea | |
| 101 | 0 | @achi |
| 102 | @aCN@b110000 | |
| 105 | @ay z 000yy | |
| 200 | 10 | @a中华人民共和国行政区划简册@Azhong hua ren min gong he guo xing zheng qu hua jian ce@e载至一九七一年底的区划@f公安部编@Fgong an bu bian |
| 210 | @a北京@c地图出版社@d1972 | |
| 215 | @a134页@d19cm | |
| 517 | 1 | @a载至一九七一年底的区划@Azai zhi yi jiu qi yi nian di de qu hua |
| 517 | 1 | @a载至一九七一年底的区划@Azai zhi yi jiu qi yi nian di de qu hua |
| 606 | @a政区@y中国@x手册 | |
| 606 | @a行政区划简册 | |
| 690 | @aK928.2@v3 | |
| 711 | 02 | @a中华人民共和国公安部@Azhong hua ren min gong he guo gong an bu@4编 |
| 801 | 0 | @aCN@bTSSF@c20060731 |
| 801 | 2 | @aCN@bNLC@c20060719 |
| 905 | @a10447@dK928.2@e73(1971) | |
| 中华人民共和国行政区划简册:载至一九七一年底的区划/公安部编.-北京:地图出版社,1972 |
| 134页;19cm |
| ISBN :CNY0.40 |
| ● |
| 相关链接 |
|
|
|
|
正题名:中华人民共和国行政区划简册
索取号:K928.2/73(1971)
 
预约/预借
| 序号 | 登录号 | 条形码 | 馆藏地/架位号 | 状态 | 备注 |
| 1 | 0443857 | 204438572 | 密集书库/ [索取号:K928.2/73(1971)] | 在馆 |